| 000 | 01010nac a22003257a 4500 | ||
|---|---|---|---|
| 001 | BR0204127 | ||
| 003 | BR-BrBNA | ||
| 005 | 20240105122702.0 | ||
| 008 | 230509b bl.|||m| |||| 00| 0 por d | ||
| 040 |
_aBR-BrBNA _bpor _cBiblioteca Nacional de Agricultura |
||
| 041 | _a(Pt) | ||
| 072 | _aF01; F60 | ||
| 090 | _a0180 BR0204127 | ||
| 100 | 1 | _aRodrigues, O. | |
| 100 | 1 | _aLhamby, J.C.B. | |
| 100 | 1 | _aDidonet, A.D. | |
| 100 | 1 | _aMarchese, J.A. | |
| 100 | 1 | _aScipioni, C. | |
| 110 | 1 |
_aEMBRAPA Trigo, Passo Fundo, RS (Brasil) _93754 |
|
| 245 | 1 | _aProdução de trigo: efeito da deficiência hídrica | |
| 260 | 3 |
_aPasso Fundo, RS (Brasil): _c2001. |
|
| 300 | _a32 p. | ||
| 490 |
_aBoletim de Pesquisa e Desenvolvimento - EMBRAPA Trigo (Brazil) _vno. 3 _xISSN 1676-4544 |
||
| 500 | _a28 ref.; Summaries (En, Pt); 6 tables | ||
| 650 | _aTRIGO | ||
| 650 | _aPRODUÇÃO VEGETAL | ||
| 650 | _aDEFICIÊNCIA HÍDRICA | ||
| 909 |
_a202312 _bLúcia Elande _c55 _dLúcia Elande |
||
| 942 |
_2AGRIS _n0 _cMS |
||
| 999 |
_c292320 _d292320 |
||